00529nam a2200181 a 45000010010000000030011000100080041000210350026000620820014000881000022001022450034001242600033001586500019001919420012002109520090002229980020003129990015003320000-9274ELIB.Books110520 1973  a(ELIB.Books)0000-9426 a270 bEdw aEdwards, David L. aWhat is real in Christianity? bLondon: Fontana Books c1973 aChurch History 2ddccBK 00102ddc4070aKBTSbKBTSd2011-05-20l0p3677r2022-01-22 00:00:00w2022-01-22yBK cbate2011-05-20 c9274d9274